LEADER 01423nam a2200301 u 4500 001 000000022902 003 CaOOAMICUS 005 20070226111158.0 008 950424s1981 it u000 u eng u 020 $a00-8408-0515-2 035 $a10576663 040 $aPUL(R)$bita 100 1 $aPeccorini, Francisco L.$0(OLS)http://pul/name/19398 245 10$aFrom Gentile's "actualism" to Sciacca's "idea" :$bbeyond existentialism and phenomenology towards the philosophy of integrality /$cFrancisco L. Peccorini. 260 $aGenova :$bStudio editoriale di cultura,$cc1981. 300 $a186 p. ;$c23 cm 490 1 $aFilosofia oggi ;$v16 490 1 $aSciacchiana ;$v6 600 14$aSciacca, Michele Federico,$d1908-1975.$0(OLS)http://pul/subject/5075 830 0$aSciacchiana ;$v6.$0(OLS)http://pul/title/13961 830 0$aFilosofia oggi ;$v16.$0(OLS)http://pul/title/16049 850 $aPUL 852 $aPUL$W1$xDP1 Fondo Giannini$y60$m1562 E 37$j32110$nBK-PRI$b $qFondi$B32110$CPULBib$Z2$F32110 $H $81 941 1 $a1 961 $aINV: Fondo Giannini 996 $6020$a00-8408-0515-2$9(OLS)http://pul/number/28835 996 $6245$aFrom Gentile's "actualism" to Sciacca's "idea" :$bbeyond existentialism and phenomenology towards the philosophy of integrality$9(OLS)http://pul/title/31891 996 $6260$aGenova :$bStudio editoriale di cultura$9(OLS)http://pul/publisher/52511 LEADER 01873nam a2200313 u 4500 001 000000049875 003 CaOOAMICUS 005 20070226115147.0 008 000713s1977 it u000 u ita u 035 $a10852250 040 $aPUL(R)$bita 100 0 $aGuido Maria Conforti, $cs.,$d1865-1931.$0(OLS)http://pul/name/1890 245 10$aLettere ai Saveriani /$cGuido Maria Conforti ; con premessa e note di Franco Teodori, s.x. 260 $aRoma :$bProcura generale Saveriana,$c1977. 300 $a3 v. ;$c24 cm 504 $aBibliografia in nota. 505 1 $av. 1. Lettere a Monsignor Luigi Calza S.X. ai padri Caio Rastelli e Odoardo Manini e Lettere Circolari ai Saveriani. -- v. 2. Pellegri, Sartori, Bonardi, Armelloni, Pelerzi, Dagnino A. e V. -- v. 3. Uccelli e Casa ap. di Vicenza, Popoli e Casa ap. di Poggio, Gazza, Magnani, Morazzoni, Vanzin, Bassi e missionari in Cina. 600 04$aGuido Maria Conforti,$csanto,$d1865-1931.$0(OLS)http://pul/subject/1665 610 24$aSaveriani.$0(OLS)http://pul/subject/20970 700 1 $aTeodori, Franco,$cS.X.$0(OLS)http://pul/name/1892 850 $aPUL 852 $aPUL$W1$xDP1 Fondo Maccarrone$y58$m1517 C 22-24$j66195$nBK-PRI$b $qFondi$B66195$CPULBib$Z2$F66195 $H $81 852 $aPUL$W1$xDP1 Fondo Maccarrone$y58$m1517 C 22-24$j66195$nBK-PRI$b $qFondi$B66196$CPULBib$Z2$F66196 $H $81 852 $aPUL$W1$xDP1 Fondo Maccarrone$y58$m1517 C 22-24$j66195$nBK-PRI$b $qFondi$B66197$CPULBib$Z2$F66197 $H $81 900 $aConforti, Guido Maria,$cs.,$d1865-1931?$91890 941 1 $a1 960 $aConforti, Guido Maria,$cs.,$d1865-1931?$91665 996 $6245$aLettere ai Saveriani$9(OLS)http://pul/title/67195 996 $6260$aRoma :$bProcura generale Saveriana$9(OLS)http://pul/publisher/67493